书目信息 |
| 题名: |
网上通讯:网络十大功能丛书
|
|
| 作者: | 黄诚昆 主编 | |
| 分册: | ||
| 出版信息: | 北京 中国水利水电出版社 1999.01 |
|
| 页数: | 226页 | |
| 开本: | 16开 | |
| 丛书名: | ||
| 单 册: | ||
| 中图分类: | TP393.4 | |
| 科图分类: | ||
| 主题词: | 计算机应用 | |
| 电子资源: | ||
| ISBN: | 7-80124-681-0 | |
| 000 | 00595nam0 2200193 45 | |
| 001 | 0004170942 | |
| 005 | 20000417090950.5 | |
| 010 | @a7-80124-681-0@d20.00元 | |
| 100 | @a20000417d1999 km y0chiy0120 ea | |
| 101 | @achi | |
| 105 | @a z 000yy | |
| 200 | 1 | @a网上通讯:网络十大功能丛书@AWang Shang Tong Xun:Wang Luo Shi Da Gong Neng Cong Shu@f黄诚昆主编@FHuang Cheng Kun Zhu Bian |
| 210 | @a北京@c中国水利水电出版社@d1999.01 | |
| 215 | @a226页@d16开 | |
| 606 | 0 | @a计算机应用 |
| 690 | @aTP393.4@v3 | |
| 701 | @a黄诚昆@4主编 | |
| 801 | @aCN@bPftUser@c20000417 | |
| 905 | @f1@b53034@dTP393.4@eH293 | |
| 网上通讯:网络十大功能丛书/黄诚昆主编.-北京:中国水利水电出版社,1999.01 |
| 226页;16开 |
| ISBN 7-80124-681-0:20.00元 |
| ● |
| 相关链接 |
|
|
|
正题名:网上通讯:网络十大功能丛书
索取号:TP393.4/H293
 
预约/预借
| 序号 | 登录号 | 条形码 | 馆藏地/架位号 | 状态 | 备注 |
| 1 | 53034 | 200530345 | 自科库301/ [索取号:TP393.4/H293] | 在馆 |